[Event "WWRR IM 2019"]
[Site "Wachtebeke"]
[Date "2019.03.04"]
[Round "5.5"]
[White "Hautot, Stephane"]
[Black "Dardha, Daniel"]
[Result "0-1"]
[WhiteElo "2347"]
[BlackElo "2369"]
[Annotator "TA"]
[PlyCount "58"]
[EventDate "2019.03.02"]
[EventCountry "BEL"]
[SourceTitle "playchess.com"]
[Source "ChessBase"]
[SourceQuality "1"]

{[%evp 12,58,26,22,39,19,41,33,53,16,43,34,39,35,34,2,67,5,5,0,0,0,0,0,0,1,27,39,41,0,0,0,0,-100,-125,-169,-164,-165,-143,-401,-245,-294,-309,-669,-681,-1278,-1262,-1442,-1430]} 1. d4 Nf6 2. Nf3 g6 3. g3 b6 4. Bg2 Bb7 5. O-O Bg7 6. c4 O-O 7. d5 Na6 {[%cal Bb8a6,Ba6c5,Bc5e4,Be4d6][%mdl 32] A50: Queen's Fianchetto Defence (1 d4 Nf6 2 c4 b6)} (7... e6 8. Nc3 Re8 9. Nd4 exd5 10. cxd5 Na6 11. Rb1 Nc5 12. Bf4 Nce4 13. Nxe4 Nxe4 14. Nb5 d6 15. Qc2 Bxd5 16. Qxc7 {1-0 (54) So,W (2765)-Mamedyarov,S (2817) Kolkata 2018}) 8. Nd4 Nc5 9. b4 $146 ({Predecessor:} 9. Nc3 e5 10. Nb3 d6 11. Nxc5 bxc5 12. Bg5 h6 13. Bd2 Qe7 14. Qc1 Kh7 15. Qc2 {1-0 (42) Banusz,T (2608)-Kunin,V (2531) Balatonszarszo 2017}) 9... Nce4 {White is slightly better.} 10. Qd3 e5 11. Nb3 Nd6 12. e4 c6 13. c5 {Strongly threatening dxc6.} bxc5 (13... Ndxe4 $11 14. dxc6 Bxc6) 14. bxc5 ({Better is} 14. dxc6 $1 $14 dxc6 15. Nxc5) 14... Ndxe4 $1 $11 15. d6 a5 16. Bxe4 {Na3 is the strong threat.} Ba6 17. Qc2 Nxe4 18. Qxe4 {Black must now prevent Re1.} a4 (18... f5 $5 {[%cal Rf5e4]} 19. Qc2 Bxf1 20. Kxf1 e4 $11) 19. N3d2 f5 $1 {[%cal Rf5e4]} 20. Qxa4 {Threatens to win with Re1.} Bxf1 21. Qb3+ Kh8 {Hoping for ...Rb8.} 22. Kxf1 {[#]} (22. Nxf1 $11 {was the only way to keep the balance.} Rb8 23. Qe3) 22... Rb8 $1 $17 {[%cal Rb8b3]} 23. Qa3 e4 $36 {[%mdl 3072] Black has strong compensation. Keeping White busy.} 24. Nc3 Qf6 25. Ndb1 $2 {[%mdl 8192]} (25. Bb2 $17 {is the only way for White.} Rxb2 {[%mdl 64] Remove Defender} 26. Qxb2 Qxc3 27. Qxc3 Bxc3 28. Rd1) 25... Qd4 26. Be3 Qd3+ 27. Kg2 $2 {[#]} (27. Ke1) 27... g5 $1 $19 {[%mdl 512] Black is clearly winning.} 28. Qc1 {[#]} (28. Bxg5 Qf3+) 28... f4 $1 {[%mdl 512]} 29. gxf4 gxf4 {Accuracy: White = 22%, Black = 69%.} 0-1

[Event "WWRR IM 2019"]
[Site "Wachtebeke"]
[Date "2019.03.05"]
[Round "6.1"]
[White "Maerevoet, Sim"]
[Black "Dardha, Daniel"]
[Result "1/2-1/2"]
[WhiteElo "2251"]
[BlackElo "2369"]
[Annotator "NA"]
[PlyCount "33"]
[EventDate "2019.03.02"]
[EventCountry "BEL"]
[SourceTitle "playchess.com"]
[Source "ChessBase"]
[SourceQuality "1"]
[TimeControl "40/5400+30:900+30"]

1. d4 {[%emt 0:00:00]} Nf6 {[%emt 0:00:01]} 2. c4 {[%emt 0:00:00]} e6 {[%emt 0:00:04]} 3. Nc3 {[%emt 0:00:13]} Bb4 {[%emt 0:00:25]} 4. Qc2 {[%emt 0:00:24]} c5 {[%emt 0:03:27]} 5. dxc5 {[%emt 0:00:34]} O-O {[%emt 0:01:28]} 6. Nf3 {[%emt 0:02:32]} Bxc5 {[%emt 0:01:28]} 7. Bg5 {[%emt 0:06:33]} h6 {[%emt 0:04:04]} 8. Bh4 {[%emt 0:00:44]} Be7 {[%emt 0:13:21]} 9. Rd1 {[%emt 0:03:26]} d6 {[%emt 0:05:16]} 10. e4 {[%emt 0:09:58]} Nbd7 {[%emt 0:03:02]} 11. Be2 {[%emt 0:02:20]} a6 {[%emt 0:01:10]} 12. O-O {[%emt 0:11:07]} Qc7 {[%emt 0:02:37]} 13. Nd4 {[%emt 0:00:58]} b6 {[%emt 0:03:15]} 14. f4 {[%emt 0:11:05]} Bb7 {[%emt 0:05:36]} 15. Bf2 {[%emt 0:05:29]} Rfe8 {[%emt 0:04:49]} 16. Kh1 {[%emt 0:02:46]} Bf8 {[%emt 0:02:22]} 17. Bg3 {[%emt 0:07:15]} 1/2-1/2

[Event "WWRR IM 2019"]
[Site "Wachtebeke"]
[Date "2019.03.05"]
[Round "6.2"]
[White "Van der Lende, Ilias"]
[Black "Hautot, Stephane"]
[Result "1-0"]
[WhiteElo "2343"]
[BlackElo "2347"]
[Annotator "NA"]
[PlyCount "81"]
[EventDate "2019.03.02"]
[EventCountry "BEL"]
[SourceTitle "playchess.com"]
[Source "ChessBase"]
[SourceQuality "1"]
[TimeControl "40/5400+30:900+30"]

1. e4 {[%emt 0:00:09]} d6 {[%emt 0:04:18]} 2. d4 {[%emt 0:00:10]} Nf6 {[%emt 0:00:16]} 3. Nc3 {[%emt 0:00:08]} Nbd7 {[%emt 0:01:07]} 4. f4 {[%emt 0:02:26]} e5 {[%emt 0:00:11]} 5. Nf3 {[%emt 0:00:06]} exd4 {[%emt 0:00:15]} 6. Qxd4 {[%emt 0:00:12]} c6 {[%emt 0:00:12]} 7. Be3 {[%emt 0:02:45]} d5 {[%emt 0:00:32]} 8. O-O-O {[%emt 0:05:59] B07: Pirc Defence: Miscellaneous Systems} Bc5 {[%emt 0:03:15]} 9. Qd2 {[%emt 0:01:22]} Bxe3 {[%emt 0:05:10]} (9... O-O 10. e5 Bxe3 11. Qxe3 Ng4 12. Qe1 Qb6 13. Nd4 Nc5 14. h3 Nh6 15. g4 Ne6 {0-1 (44) Neiksans,A (2631)-Bortnyk,O (2581) Tallinn 2016}) 10. Qxe3 {[%emt 0:00:06]} Qb6 {[%emt 0:03:34]} 11. Nd4 {[%emt 0:03:21]} dxe4 $146 {[%emt 0:02:12]} ({Predecessor:} 11... O-O 12. e5 c5 13. exf6 cxd4 14. Qxd4 Qxd4 15. Rxd4 Nxf6 16. Nxd5 Nxd5 17. Rxd5 {1-0 (28) Meulemans,B (2088)-Nolf,F (1154) LSS email 2010}) 12. Nxe4 {[%emt 0:17:33]} O-O {[%emt 0:00:28]} 13. Nd6 {[%emt 0:01:33]} Qc5 {[%emt 0:23:08]} (13... Nd5 $5 {[%cal Rd5e3]} 14. Qg3 N7f6 $11) 14. Nxc8 {[%emt 0:14:05]} Rfxc8 {[%emt 0:03:13]} 15. Qh3 {[%emt 0:02:35]} Nf8 {[%emt 0:02:06]} 16. Qf5 {[%emt 0:04:02]} Qb4 {[%emt 0:17:14]} 17. a3 {[%emt 0:06:07]} Qa4 {[%emt 0:01:43]} 18. Nb3 {[%emt 0:11:18]} Rd8 {[%emt 0:02:47]} 19. Rxd8 {[%emt 0:02:30]} (19. Be2 $1 $11) 19... Rxd8 {[%emt 0:01:11]} 20. g3 {[%emt 0:01:11]} c5 {[%emt 0:15:29]} 21. Bg2 $1 {[%emt 0:03:04]} c4 {[%emt 0:01:07]} 22. Qa5 {[%emt 0:00:27]} Qd7 {[%emt 0:02:28]} 23. Nc5 {[%emt 0:00:18]} Qd4 {[%emt 0:01:23]} 24. Bxb7 {[%emt 0:06:02]} Ng4 {[%emt 0:01:09]} 25. Kb1 {[%emt 0:01:32]} Nf2 {[%emt 0:01:27] [#]} 26. Re1 $1 {[%emt 0:02:03]} Nd1 {[%emt 0:02:22]} 27. Na4 {[%emt 0:03:07]} Rd6 $2 {[%emt 0:01:42]} (27... Qf2) 28. Qe5 {[%emt 0:01:31]} Qd2 {[%emt 0:01:20]} 29. Re2 {[%emt 0:00:58]} Qd4 {[%emt 0:00:12]} 30. Qxd4 {[%emt 0:00:08]} Rxd4 {[%emt 0:00:02]} 31. Kc1 {[%emt 0:01:03]} c3 {[%emt 0:00:27]} 32. b3 {[%emt 0:01:41]} g5 {[%emt 0:00:27]} 33. fxg5 {[%emt 0:01:15]} Ne6 {[%emt 0:00:18]} 34. h4 {[%emt 0:00:55]} Rd8 {[%emt 0:00:26]} 35. Re1 {[%emt 0:00:58]} Nd4 {[%emt 0:00:34]} 36. Ba6 {[%emt 0:02:08]} Nf2 {[%emt 0:01:02]} 37. Nxc3 {[%emt 0:00:11]} Rd6 {[%emt 0:01:27]} 38. Bc4 {[%emt 0:00:14]} Nc6 $18 {[%emt 0:00:54]} 39. Rf1 {[%emt 0:00:20]} Ng4 {[%emt 0:00:06]} 40. Rxf7 {[%emt 0:01:11]} Nce5 {[%emt 0:00:12]} 41. Rf4+ {[%emt 0:15:42]} 1-0

[Event "WWRR IM 2019"]
[Site "Wachtebeke"]
[Date "2019.03.05"]
[Round "6.3"]
[White "De Ruiter, Danny"]
[Black "Beukema, Jasper"]
[Result "0-1"]
[WhiteElo "2328"]
[BlackElo "2282"]
[Annotator "NA"]
[PlyCount "120"]
[EventDate "2019.03.02"]
[EventCountry "BEL"]
[SourceTitle "playchess.com"]
[Source "ChessBase"]
[SourceQuality "1"]
[TimeControl "40/5400+30:900+30"]

1. Nf3 {[%emt 0:00:00]} d5 {[%emt 0:00:11]} 2. d4 {[%emt 0:00:00]} Nf6 {[%emt 0:00:15]} 3. c4 {[%emt 0:00:00]} e6 {[%emt 0:00:06]} 4. g3 {[%emt 0:03:28]} Be7 {[%emt 0:01:35]} 5. Bg2 {[%emt 0:00:42]} O-O {[%emt 0:00:09]} 6. O-O {[%emt 0:00:06]} dxc4 {[%emt 0:00:50]} 7. Qc2 {[%emt 0:00:09]} a6 {[%emt 0:00:05]} 8. Qxc4 {[%emt 0:00:09]} b5 {[%emt 0:00:47]} 9. Qc2 {[%emt 0:00:07]} Bb7 {[%emt 0:00:07]} 10. Bd2 {[%emt 0:00:07]} Nbd7 {[%emt 0:00:06]} 11. Ba5 {[%emt 0:00:19]} Rc8 {[%emt 0:04:42]} 12. Rc1 {[%emt 0:02:05] E05: Open Catalan: 5 Nf3 Be7} (12. Nbd2 Nb8 13. a3 Nc6 14. Bc3 b4 15. axb4 Nxb4 16. Qa4 Nbd5 17. Ba5 Qd7 18. Ne5 Qxa4 19. Rxa4 c5 {½-½ (37) Gelfand,B (2723)-Leko,P (2740) Wijk aan Zee 2006}) 12... Nb6 {[%emt 0:06:46]} 13. Nbd2 {[%emt 0:10:25]} c5 {[%emt 0:02:35]} 14. Qd1 $146 {[%emt 0:00:08]} ({Predecessor:} 14. dxc5 Bxc5 15. Qd1 Qd6 16. Nb3 Qxd1+ 17. Rxd1 Na4 18. Nxc5 Nxc5 19. Rac1 Rfe8 {½-½ (43) Vignesh,N (2354)-Kiran,M (2259) Pune 2014}) 14... cxd4 {[%emt 0:05:16]} 15. Rxc8 {[%emt 0:00:57]} Bxc8 {[%emt 0:00:05]} 16. Ne5 {[%emt 0:04:38]} Qd6 {[%emt 0:02:44]} 17. Nc6 {[%emt 0:00:50]} Nbd5 {[%emt 0:10:44]} 18. Nxe7+ {[%emt 0:10:47]} Nxe7 {[%emt 0:01:36]} 19. Nb3 {[%emt 0:00:15]} e5 {[%emt 0:01:39]} 20. e3 {[%emt 0:01:23]} Nc6 {[%emt 0:08:14]} 21. Bb6 {[%emt 0:00:37]} Nd7 {[%emt 0:02:17]} 22. Rc1 {[%emt 0:00:08]} Nxb6 {[%emt 0:03:09]} 23. Rxc6 {[%emt 0:01:11]} Qd8 {[%emt 0:00:06]} 24. exd4 {[%emt 0:07:13]} Nc4 {[%emt 0:03:24]} 25. d5 {[%emt 0:01:20]} Bb7 {[%emt 0:05:14]} 26. Rc5 {[%emt 0:01:16]} Nxb2 {[%emt 0:08:41]} 27. Qd2 {[%emt 0:05:50]} Nc4 {[%emt 0:11:09]} 28. Qb4 {[%emt 0:11:49]} Nb6 {[%emt 0:01:46]} 29. Na5 {[%emt 0:00:14]} Bxd5 {[%emt 0:01:12]} 30. Bxd5 {[%emt 0:02:21]} Nxd5 {[%emt 0:00:08]} 31. Qd2 {[%emt 0:00:03]} Nf6 {[%emt 0:01:18]} 32. Qxd8 {[%emt 0:01:14]} Rxd8 {[%emt 0:00:02]} 33. Nc6 {[%emt 0:00:26] [#]} (33. Rc6 $17) 33... Rd1+ $1 {[%emt 0:02:34]} 34. Kg2 {[%emt 0:00:08]} Nd7 {[%emt 0:00:51]} 35. Rc2 {[%emt 0:01:51]} g6 {[%emt 0:07:52]} 36. Nb4 {[%emt 0:01:44]} Rd6 {[%emt 0:01:31]} 37. Rc7 {[%emt 0:00:09]} Kg7 {[%emt 0:01:43]} 38. Nxa6 {[%emt 0:00:56]} Rxa6 {[%emt 0:00:07]} 39. Rxd7 {[%emt 0:00:03]} Rxa2 {[%emt 0:00:06]} 40. Rd5 {[%emt 0:00:02]} e4 {[%emt 0:00:21]} 41. Rxb5 {[%emt 0:18:16]} e3 $1 {[%emt 0:16:13]} 42. Re5 {[%emt 0:00:38]} Rxf2+ {[%emt 0:06:29]} ({But not} 42... exf2 43. h3 $17) 43. Kg1 {[%emt 0:01:32]} Re2 {[%emt 0:00:11]} 44. Kf1 $2 {[%emt 0:01:05]} (44. h3 {was forced.}) 44... Rxh2 {[%emt 0:00:09]} 45. Rxe3 {[%emt 0:00:02]} Kf6 {[%emt 0:01:46]} 46. Re4 {[%emt 0:00:55]} Kg5 {[%emt 0:00:22]} 47. Kg1 {[%emt 0:00:28]} Ra2 {[%emt 0:00:14]} 48. Rh4 {[%emt 0:00:29]} h6 {[%emt 0:00:41]} 49. Rf4 {[%emt 0:00:26]} f5 {[%emt 0:00:14]} 50. Rb4 {[%emt 0:00:02]} Re2 {[%emt 0:00:10]} 51. Ra4 {[%emt 0:01:06]} Re4 {[%emt 0:00:18]} 52. Ra6 {[%emt 0:00:08]} h5 {[%emt 0:00:27]} 53. Kg2 {[%emt 0:00:44]} h4 {[%emt 0:00:06]} 54. gxh4+ {[%emt 0:00:28]} Rxh4 {[%emt 0:00:08]} 55. Kg3 {[%emt 0:00:34]} Rb4 {[%emt 0:00:07]} 56. Ra3 {[%emt 0:00:42]} Rg4+ $19 {[%emt 0:00:31]} 57. Kh3 {[%emt 0:02:42]} Rh4+ {[%emt 0:00:08]} 58. Kg2 {[%emt 0:00:09]} f4 {[%emt 0:00:39]} 59. Ra6 {[%emt 0:00:21]} Kf5 {[%emt 0:00:08]} 60. Rb6 {[%emt 0:01:00]} g5 {[%emt 0:00:09]} 0-1

[Event "WWRR IM 2019"]
[Site "Wachtebeke"]
[Date "2019.03.05"]
[Round "6.4"]
[White "Huynh, Laurent"]
[Black "De Rover, Yong Hoon"]
[Result "0-1"]
[WhiteElo "2138"]
[BlackElo "2422"]
[Annotator "ChessBase"]
[PlyCount "72"]
[EventDate "2019.03.02"]
[EventCountry "BEL"]
[SourceTitle "playchess.com"]
[Source "ChessBase"]
[SourceQuality "1"]
[TimeControl "40/5400+30:900+30"]

1. e4 {[%emt 0:00:00]} c5 {[%emt 0:00:45]} 2. Nf3 {[%emt 0:00:00]} d6 {[%emt 0:00:17]} 3. d4 {[%emt 0:00:39]} cxd4 {[%emt 0:00:10]} 4. Nxd4 {[%emt 0:00:25]} Nf6 {[%emt 0:00:11]} 5. Nc3 {[%emt 0:00:13]} a6 {[%emt 0:00:23]} 6. h3 {[%emt 0:00:29]} e5 {[%emt 0:00:14]} 7. Nde2 {[%emt 0:00:06]} h5 {[%emt 0:00:15]} 8. Bg5 {[%emt 0:00:19]} Be6 {[%emt 0:00:33]} 9. Bxf6 {[%emt 0:00:40]} Qxf6 {[%emt 0:00:10]} 10. Nd5 {[%emt 0:00:12]} Qd8 {[%emt 0:00:10]} 11. Nec3 {[%emt 0:02:15]} Nd7 {[%emt 0:00:10]} 12. Bc4 {[%emt 0:07:15]} Rc8 {[%emt 0:03:57]} 13. Bb3 {[%emt 0:00:18]} Nc5 {[%emt 0:01:01]} 14. O-O {[%emt 0:04:00]} g5 {[%emt 0:06:56]} 15. f3 {[%emt 0:16:55]} Bg7 {[%emt 0:03:48]} 16. g4 {[%emt 0:01:44]} b5 {[%emt 0:02:13]} 17. Kg2 {[%emt 0:00:54]} Kf8 {[%emt 0:03:53]} 18. Ne3 {[%emt 0:01:17]} b4 {[%emt 0:00:42]} 19. Ncd5 {[%emt 0:01:20]} a5 {[%emt 0:02:53]} 20. a3 {[%emt 0:00:51]} bxa3 {[%emt 0:01:30]} 21. Rxa3 {[%emt 0:00:28]} Bd7 {[%emt 0:00:24]} 22. Qe2 {[%emt 0:02:43]} a4 {[%emt 0:01:10]} 23. Bc4 {[%emt 0:00:18]} Ne6 {[%emt 0:01:00]} 24. Qd3 {[%emt 0:07:06]} Nf4+ {[%emt 0:15:56]} 25. Nxf4 {[%emt 0:00:07]} gxf4 {[%emt 0:00:06]} 26. Nf5 {[%emt 0:01:23]} Bxf5 {[%emt 0:01:47]} 27. gxf5 {[%emt 0:00:37]} Qh4 {[%emt 0:08:24]} 28. Rf2 {[%emt 0:03:10]} Bf6 {[%emt 0:01:41]} 29. Kf1 {[%emt 0:02:40]} Rg8 {[%emt 0:16:30]} 30. Rxa4 {[%emt 0:03:37]} Qxh3+ {[%emt 0:01:27]} 31. Ke2 {[%emt 0:00:10]} Rg2 {[%emt 0:00:22]} 32. Qxd6+ {[%emt 0:02:46]} Kg7 {[%emt 0:00:34]} 33. Qb6 {[%emt 0:01:28]} Bh4 {[%emt 0:01:00]} 34. Rxg2+ {[%emt 0:03:01]} Qxg2+ {[%emt 0:00:09]} 35. Kd1 {[%emt 0:02:15]} Rxc4 {[%emt 0:01:12]} 36. Rxc4 {[%emt 0:00:47]} Qf1+ {[%emt 0:00:08]} 0-1

[Event "WWRR IM 2019"]
[Site "Wachtebeke"]
[Date "2019.03.05"]
[Round "6.5"]
[White "Vuelban, Virgilio"]
[Black "Blom, Vincent"]
[Result "1/2-1/2"]
[WhiteElo "2272"]
[BlackElo "2265"]
[Annotator "ChessBase"]
[PlyCount "97"]
[EventDate "2019.03.02"]
[EventCountry "BEL"]
[SourceTitle "playchess.com"]
[Source "ChessBase"]
[SourceQuality "1"]
[TimeControl "40/5400+30:900+30"]

1. e4 {[%emt 0:09:00]} c6 {[%emt 0:00:00]} 2. d4 {[%emt 0:00:05]} d5 {[%emt 0:00:00]} 3. e5 {[%emt 0:00:05]} Bf5 {[%emt 0:00:57]} 4. h4 {[%emt 0:00:06]} h5 {[%emt 0:00:20]} 5. c4 {[%emt 0:00:18]} dxc4 {[%emt 0:05:20]} 6. Bxc4 {[%emt 0:00:08]} e6 {[%emt 0:00:07]} 7. Nc3 {[%emt 0:00:24]} Nd7 {[%emt 0:05:50]} 8. Nge2 {[%emt 0:01:35]} Nb6 {[%emt 0:09:03]} 9. Bb3 {[%emt 0:00:51]} Ne7 {[%emt 0:07:39]} 10. Bg5 {[%emt 0:05:44]} Qd7 {[%emt 0:07:18]} 11. Qd2 {[%emt 0:07:16]} Ned5 {[%emt 0:15:31]} 12. O-O {[%emt 0:04:38]} Be7 {[%emt 0:11:06]} 13. Ng3 {[%emt 0:00:59]} Bg6 {[%emt 0:04:32]} 14. Nce4 {[%emt 0:01:41]} Bxe4 {[%emt 0:08:48]} 15. Nxe4 {[%emt 0:00:14]} f6 {[%emt 0:00:10]} 16. Nc5 {[%emt 0:02:31]} Bxc5 {[%emt 0:01:42]} 17. dxc5 {[%emt 0:00:25]} fxg5 {[%emt 0:00:52]} 18. cxb6 {[%emt 0:00:06]} gxh4 {[%emt 0:00:45]} 19. bxa7 {[%emt 0:01:20]} O-O {[%emt 0:06:00]} 20. Qg5 {[%emt 0:19:19]} Rf5 {[%emt 0:01:18]} 21. Qxh4 {[%emt 0:00:05]} Qf7 {[%emt 0:04:22]} 22. Bxd5 {[%emt 0:05:35]} cxd5 {[%emt 0:00:05]} 23. Qd4 {[%emt 0:00:04]} b5 {[%emt 0:03:45]} 24. Qb6 {[%emt 0:01:20]} Rxa7 {[%emt 0:00:20]} 25. Rac1 {[%emt 0:06:21]} Kh7 {[%emt 0:00:43]} 26. Qxb5 {[%emt 0:02:32]} Rxa2 {[%emt 0:01:06]} 27. Rc8 {[%emt 0:09:50]} Ra7 {[%emt 0:01:40]} 28. Qb8 {[%emt 0:02:35]} Rb7 {[%emt 0:01:01]} 29. Rh8+ {[%emt 0:00:37]} Kg6 {[%emt 0:00:03]} 30. Qd6 {[%emt 0:00:11]} Rxb2 {[%emt 0:02:09]} 31. Qa3 {[%emt 0:00:17]} Qb7 {[%emt 0:00:38]} 32. Qg3+ {[%emt 0:01:06]} Kf7 {[%emt 0:00:28]} 33. Qa3 {[%emt 0:05:47]} Rb4 {[%emt 0:01:30]} 34. Ra8 {[%emt 0:02:42]} Kg6 {[%emt 0:00:37]} 35. Ra7 {[%emt 0:00:21]} Qb8 {[%emt 0:00:33]} 36. Re7 {[%emt 0:03:31]} Qb6 {[%emt 0:01:03]} 37. Qa8 {[%emt 0:01:08]} Kh7 {[%emt 0:00:33]} 38. Re8 {[%emt 0:00:38]} Rxf2 {[%emt 0:00:28]} 39. Rh8+ {[%emt 0:06:47]} Kg6 {[%emt 0:00:04]} 40. Qe8+ {[%emt 0:00:51]} Rf7+ {[%emt 0:00:29]} 41. Kh2 {[%emt 0:15:03]} Rh4+ {[%emt 0:13:50]} 42. Kg3 {[%emt 0:00:00]} Qe3+ {[%emt 0:00:35]} 43. Kxh4 {[%emt 0:00:00]} Qe4+ {[%emt 0:01:09]} 44. Kh3 {[%emt 0:00:00]} Qg4+ {[%emt 0:00:13]} 45. Kh2 {[%emt 0:00:00]} Qh4+ {[%emt 0:00:09]} 46. Kg1 {[%emt 0:00:00]} Qd4+ {[%emt 0:00:08]} 47. Kh1 {[%emt 0:00:00]} Qh4+ {[%emt 0:00:16]} 48. Kg1 {[%emt 0:00:00]} Qd4+ {[%emt 0:00:07]} 49. Kh1 {[%emt 0:00:00]} 1/2-1/2

[Event "WWRR IM 2019"]
[Site "Wachtebeke"]
[Date "2019.03.06"]
[Round "7.1"]
[White "Blom, Vincent"]
[Black "Maerevoet, Sim"]
[Result "0-1"]
[WhiteElo "2265"]
[BlackElo "2251"]
[Annotator "TA"]
[PlyCount "120"]
[EventDate "2019.03.02"]
[EventCountry "BEL"]
[SourceTitle "playchess.com"]
[Source "ChessBase"]
[SourceQuality "1"]

{[%evp 9,120,-28,-36,-36,-36,-39,-37,-61,-53,-84,-78,-47,-24,-65,-71,-132,-133,-128,-137,-127,-126,-147,-159,-175,-175,-152,-154,-202,-180,-186,-188,-200,-183,-248,-193,-291,-277,-339,-331,-322,-237,-255,-271,-241,-204,-254,-148,-141,0,-151,-162,-163,-162,-162,-149,-319,-322,-319,-283,-362,-391,-405,-379,-418,-395,-645,-611,-862,-719,-1209,-1219,-1246,-1222,-1160,-1057,-974,-862,-1266,-1160,-770,-589,-6021,-5193,-5966,-3030,-6326,-2242,-29969,0,-5069,-948,-2154,-1733,-29963,-29964,-29966,-29967,-29965,-29965,-29965,-29967,-29963,-29958,-29968,-29955,-29959,-29970,-29967,-29965,-29959,-29967,-29967,-6745]} 1. d4 Nf6 2. Bg5 Ne4 3. Bf4 c5 4. dxc5 Nxc5 5. Nd2 d5 6. Ngf3 {A45: Trompowsky Attack} Nc6 7. e3 g6 8. Bb5 {Black is slightly better.} (8. Nb3 Bg7 9. Nxc5 Qa5+ 10. Nd2 Qxc5 11. Nb3 Qb6 12. c3 e5 13. Bg3 Be6 {0-1 (51) Manolache,M (2521)-Balogh,C (2624) Eforie Nord 2008}) 8... Qb6 9. a4 $146 ({Predecessor:} 9. Bxc6+ bxc6 10. O-O Qxb2 11. Be5 {1-0 (11) Furnon,Y (1780)-Deville,O (2012) Loire 2009}) 9... Bg7 10. Be5 f6 11. Bc3 e5 12. e4 (12. O-O $142) 12... a6 $17 13. exd5 {[#] Strongly threatening Nc4.} axb5 14. dxc6 Nxa4 ({Don't do} 14... Qxc6 15. axb5 Rxa1 16. bxc6 $15) 15. Bb4 Qxc6 16. b3 {[#]} Nb6 $1 (16... Nb2 17. Qc1 $15) 17. Rxa8 Nxa8 18. Qe2 Kf7 ({Not} 18... Qxc2 19. O-O $15) 19. Ne4 {intending Nd6+.} Rd8 20. O-O Nc7 21. Bd2 (21. Re1 $142) 21... Be6 (21... Bf5 22. Ng3) 22. Bc1 (22. Re1 {is a better defense.}) 22... Bd5 $19 23. Ng3 Ne6 24. Be3 Bxf3 25. Qxf3 Qxf3 26. gxf3 Bf8 27. Ne4 Rc8 (27... f5 $19 28. Ng5+ Nxg5 29. Bxg5 Rc8) 28. Rd1 $17 {aiming for Rd7+.} Rd8 (28... Ke7 $17 {White must now prevent ...f5.} 29. Rd5 Rxc2 30. Rxb5 Rc7) 29. Rxd8 $2 ({White has to play} 29. Rf1 $1 $11) 29... Nxd8 $11 {[%mdl 4096] Endgame KBN-KBN} 30. f4 exf4 31. Bxf4 Nc6 32. Nc3 $2 (32. Bd6 $17 {might work better.}) 32... Nd4 $19 33. Kf1 b4 ({But not} 33... Nxc2 34. Nxb5 Na1 35. b4 $19) 34. Ne2 Nxc2 35. Bd2 Bc5 36. h3 b6 37. Bc1 $2 (37. f3) 37... Nd4 38. Nxd4 Bxd4 {KB-KB} 39. Ke2 Ke6 40. f3 Kf5 41. Bd2 Bc5 42. Kd3 g5 43. Bc1 h5 44. Bb2 Be7 45. Ke3 g4 46. hxg4+ hxg4 47. Kf2 Bc5+ (47... Kf4 $142 48. Bc1+ Ke5 49. Bb2+ Kd5) 48. Kg2 Be7 (48... Kf4 $142 49. fxg4 Kxg4 50. Kf1 f5 51. Bg7 f4 52. Ke1 f3 53. Bh6 Kf5 54. Kd1 Ke4 55. Kd2 Bd4 56. Ke1 Kd3 57. Bg5 Kc3 58. Kd1 Kxb3 59. Be7 Kc4 60. Kd2 b3 61. Ba3 b5 62. Bc1 b4 63. Ke1 b2 64. Bxb2 Bxb2 65. Kf2 Bd4+ 66. Kxf3 b3 67. Kf4 b2 68. Kg4 b1=Q 69. Kf3 Qg6 70. Kf4 Kd3 71. Kf3 Be5 72. Kf2 Bh2 73. Kf3 Qg3#) 49. Kf2 $1 Kg5 (49... Kf4 $142 50. Bc1+ Ke5 51. Bb2+ Kd5) 50. Kg2 f5 51. Bc1+ Kf6 {Black mates.} 52. Bf4 Ke6 53. Bc1 Bd6 54. Bb2 Kd5 55. Kf2 b5 56. Kg2 Bc7 57. Kf2 Be5 58. Bc1 Bc3 59. Bf4 Kd4 60. Ke2 gxf3+ {Accuracy: White = 26%, Black = 73%.} 0-1